01025 a2200193 450000500170000002000060001708200160002310000160003924501260005526000430018130000420022470000230026694200130028999900130030295201290031595201290044495201290057395201290070220250310131123.0 a- a342.676 GHA aGHAI, Y. P. aPublic Law and Political Change in Kenya: A Study of the Legal Framework of Government from Colonial Times to the Present aNairobibOxford University Pressc1970 axxviii, 536p.bAppendix, Indexc21cm. aMcAUSLAN, J.P.W.B. 2ddccBKS c276d276 r2025-03-10 13:14:20l0oL.M.p000000828v31500.00w2025-03-10yBKS102ddc407000aCBEMLbCBEMLcGENd2025-03-10g30500.00 r2025-03-10 13:14:20l0oL.M.p000000829v31500.00w2025-03-10yBKS102ddc407000aCBEMLbCBEMLcGENd2025-03-10g30500.00 r2025-03-10 13:14:20l0oL.M.p000000830v31500.00w2025-03-10yBKS102ddc407000aCBEMLbCBEMLcGENd2025-03-10g30500.00 r2025-03-10 13:14:20l0oL.M.p000000831v31500.00w2025-03-10yBKS102ddc407000aCBEMLbCBEMLcGENd2025-03-10g30500.00